000 00679nam a2200193Ia 4500
008 151121s9999||||xx |||||||||||||| ||und||
082 _a813/मसराठे
082 _bHNW-43049
100 _aमराठे प्र। द।
245 _aसूर्यधारांत उभी मी
260 _b"दीपज्योती प्रकाशन, पुणे।"
260 _c--
300 _a163
600 _aमराठे प्र। द।
630 _aसूर्यधारांत उभी मी
700 _aमराठे प्र। द।
730 _aसूर्यधारांत उभी मी
942 _cBOOK
999 _c1231373
_d1231370